Quizzes
Events
Quiz Creation
Community
Videos
Private Events
Remove Ads
Sign In
Join for FREE
Feedback
Dark Mode
Quiz Categories
Sports
Geography
Music
Movies
Television
Just For Fun
Miscellaneous
History
Literature
Language
Science
Gaming
Entertainment
Religion
Holiday
For Kids
Quiz Lab
Recent
Popular Today
Quiz Kudos Today
Editor Picks
Curator Picks
Quizzes by...
Day
Popularity
Type
Ratings
Length
Year
Community
Subscriptions
Recent Discussions
Orange Saloon
Badges
Playlists
Quests
Create
Leaderboards
Showdown
Live 5
Trivia Bingo
Activity
Puzzle Library
Sporcle Events
Private Events
Virtual Trivia
Globe League
Become a Host
Pub Owners
SporcleCon
Opinionation
Our Games
Videos
Blog
Mobile Apps
Partnerships
Remove Ads and Go Orange
Feedback
Entertainment
Celebrity
Famous
Musical
Broadway
Show
Quote
Comic Books
Anime
Superhero
DC Comics
Marvel
Cartoons
Animation
Entertainment
Celebrity
Famous
Musical
Broadway
Show
Quote
Comic Books
Anime
Superhero
DC Comics
Marvel
Cartoons
Animation
Random Quiz
Search Sporcle
×
Quiz Lab
Quiz Lab
Entertainment
Musical
Type in answers that appear in a list
Type in answers that appear in a list
Classic
Best Score? Go Orange.
The Complete Neil Simon Stats
Can you name the The plays, musicals and original films of Neil Simon?
By
tookieclothspin
17m
44 Questions
97 Plays
97 Plays
97 Plays
Comments
Comments
Give Quiz Kudos
Give Quiz Kudos
-
- Ratings
hide this ad
More Info
Replay
Link that replays current quiz
Next Quiz
Link to next quiz in quiz playlist
You Got
0%
They Got
Avg Score
45%
Avg Friend Score
Upgrade to see
Score Distribution
Jump to the score distribution portion of the page
Score
0/44
Timer
17:00
0
Plays Today
Plays (unless noted as films or musicals
% Correct
1965
Odd Couple
90.7%
1993 (musical)
The Goodbye Girl
82.5%
1977 (film, Richard Dreyfus)
The Goodbye Girl
82.5%
1983
Brighton Beach Memoirs
77.3%
1963
Barefoot In The Park
76.3%
1985
Biloxi Blues
70.1%
1991
Lost in Yonkers
67%
1976
California Suite
64.9%
1968
Plaza Suite
60.8%
1968 (musical)
Promises, Promises
56.7%
1966 (musical)
Sweet Charity
55.7%
1977
Chapter Two
53.6%
1986
Broadway Bound
52.6%
1961
Come Blow Your Horn
50.5%
1998 (film, Jack Lemmon)
The Odd Couple 2
49.5%
1976 (film, Peter Falk)
Murder By Death
48.5%
1969
The Last of the Red Hot Lovers
46.4%
1971
The Prisoner of Second Avenue
46.4%
1970 (film, Jack Lemmon)
The Out of Towners
46.4%
1966
The Star-Spangled Girl
45.4%
1970
The Gingerbread Lady
44.3%
1972
The Sunshine Boys
44.3%
Plays (unless noted as films or musicals
% Correct
1988
Rumors
43.3%
1993
Laughter on the 23rd Floor
42.3%
1973
The Good Doctor
40.2%
1972 (film, Cybil Shepard)
The Heartbreak Kid
40.2%
1978 (film, Madeline Kahn)
The Cheap Detective
40.2%
1980 (film, Goldie Hawn)
Seems Like Old Times
39.2%
1981 (film, Marsha Mason)
Only When I Laugh
39.2%
1962 (musical)
Little Me
38.1%
1992
Jake's Women
38.1%
1983 (film, Matthew Broderick)
Max Dugan Returns
37.1%
1980
I Ought to Be in Pictures
35.1%
1974
God's Favorite
34%
1991 (film, Alec Baldwin)
The Marrying Man
34%
1995
London Suite
33%
1979
They're Playing Our Song
28.9%
1984 (film, Steve Martin)
The Lonely Guy
24.7%
1981
Fools
23.7%
1997
Proposals
19.6%
1966 (film, Peter Sellers)
After The Fox
19.6%
1985 (film, Kim Basinger)
The Slugger's Wife
17.5%
2003
Rose's Dilemma
15.5%
1986
Female Version: The Odd Couple
2.1%
Quiz Playlist
Details
Report
Send in Message
Add To Playlist
More Info:
Neil Simon is the first playwright to have more works produced than Shakespeare. Try your hand this quiz, I think you will know more than you think.
Classic:
Type in answers that appear in a list
Last Updated: Feb 16, 2017
Quiz Scoreboard
CHALLENGE
Sign Up to Join the Scoreboard
Show All
Scores
Hide
Comments
May contain spoilers
Recently Published
NBA Finals Game Top Scorers (2010s)
by flibbidy
Sports
5m
Guess the 'R' Things in 3 Words
by MSUKent
Miscellaneous
3m
Actor to Badly Drawn Movie III
by MoMosMoProblems
Movies
5m
More to Explore
Quiz From the Vault
Featured Blog Post
Where Does Lost Luggage Go?
hide this ad
You Might Also Like...
Tags
Musical Quiz
Play Quiz
complete
neil
Neil Simon
Noted
original
simon
unless
Today's Top Quizzes in Entertainment
Browse Entertainment
hide this ad
Today's Top Quizzes in Musical
Browse Musical
Top Contributed Quizzes in Entertainment
1
The Joker Actors by Order
2
Spider-Man Actors by Order
3
The Incredible Hulk Actors by Order
4
Superman Actors by Order
5
Catwoman Actresses by Order
6
The Penguin Actors by Order
7
The Riddler Actors by Order
8
Nickname Match: Pop Culture Kings
9
Two-Face Actors by Order
10
Marvel Picture Find: Capcom
Explore More
Trending Topics
Anime
Marvel
Kpop
Crossword
NBA
Harry Potter
Disney
Song
Puzzle
NFL
Soccer
WWE
Country
Pokémon
The Office
hide this ad
More By:
tookieclothspin
Quiz
Plays
Rating
Category
Featured
Created
Gilmore Girls Characters
12,293
4.00
Television
Jan 11, 2010
Top 100 Women All Time
2,133
3.68
History
Feb 5, 2010
Actors Who Played Gay
2,044
4.18
Movies
Jan 10, 2010
50 Funniest Women Alive!
615
2.14
Entertainment
Jan 11, 2010
Madonna Singles on Billboard Hot 100
570
4.75
Music
Feb 1, 2010
Go to Creator's Profile
Score Distribution
Quiz Creator Spotlight
tookieclothspin
Follow
Send a Message
Quizzes Created
-
Created Quiz Play Count
-
More By This Creator
Popular Quizzes Today
1
Find the US States - No Outlines Minefield
2
Find the US States
3
The Countries of the World
4
10 Largest US States in Order
5
Find the Countries of Europe - No Outlines Minefield
6
US States
7
Guess the 'R' Things in 3 Words
8
NBA Finals Game Top Scorers (2010s)
More Entertainment Quizzes
DC Superheroes Origin Stories IV
Published
Trending Quizzes
First Name TV: Leading Men
Match the Book to the Film II
First Name TV: Leading Women Drama
3-Word Movies in 1 Word II
Match the Book to the Film VI
Recently Updated
Women's Final Four Teams by Year
bhenderson79
Presidents Quartet II
eogle
Anything But Clue(do)
eogle
Anything But Oceanian Capitals
eogle
Anything But 7
eogle
Anything But Thing
eogle
Word Ladder: February 29
pecheneg
Song Title Questions
pecheneg
Women's NCAA Tournament #1 Seeds
pecheneg
Celebrity Mug Shots
pecheneg
Trending Topics
Kpop
Harry Potter
Crossword
Marvel
Anime
NBA
Disney
NFL
Country
Soccer
Pokémon
The Office
Song
Puzzle
WWE
Your Account Isn't Verified!
In order to create a playlist on Sporcle, you need to verify the email address you used during registration. Go to your
Sporcle Settings
to finish the process.
Report this User
Report this user for behavior that violates our
Community Guidelines
.
Details:
Send Report
Go to the Sporcle.com Mobile Site →
Comments